000 00663nam a22002417a 4500
003 UA-OsUOA
001 23630
007 ta
008 20040126b un ||||| |||| 00| 0 ukr d
100 _aПаниотто В.И.
090 _a303.6
_bП16
942 _cBK
040 _aUA-OsUOA
_brus
_cUA-OsUOA
_dUA-OsUOA
245 _aКачество сициологической информации (методы оценки и процедуры обеспечения)
300 _a207 с.
955 _a0
041 _arus
080 _a303.6
260 _aКиев
_bНАУКОВА ДУМКА
_c1986
044 _aRU
650 7 _2UDC
999 _c309882
_d309882